| 000 | 00809nam a22002177a 4500 | ||
|---|---|---|---|
| 005 | 20180503142001.0 | ||
| 010 | _a1718EN-30 ENG-122870 | ||
| 020 |
_a9780670089819 _c399.00 |
||
| 035 | _aB-682483-497 EN-106402 | ||
| 037 |
_bAakar _adpl |
||
| 037 | _bDBAD/PUB. | ||
| 082 | _a954.022 | ||
| 100 | _aTruschke, Audrey | ||
| 245 |
_aAurangzeb : _cby Audrey Truschke _bthe man and the myth / |
||
| 260 |
_aGurgaon _bPenguin _c2017 |
||
| 270 |
_a7th Floor, Infinity Tower C, DLF Cyber City, _bGurgaon _e122002 |
||
| 300 |
_axiv,189p. _c21cm(Hb) |
||
| 500 | _aIncludes index | ||
| 942 |
_2ddc _cEN _mTRU _h954.022 |
||
| 999 |
_c145918 _d145918 |
||